MARC

LEADER 00000nam0a2200000 4500
001 317937
005 20231102003027.0
020 |a RU  |b 82-76531 
035 |a (RuTPU)RU\TPU\book\343405 
090 |a 317937 
100 |a 20160416d1982 k y0rusy5003 ca 
101 0 |a rus 
102 |a RU 
105 |a a z 001zy 
200 1 |a Ловушки углеводородов неантиклинального типа  |e сборник научных трудов  |f Академия наук СССР (АН СССР), Институт геологии и разработки горючих ископаемых (ИГиРГИ) 
210 |a Москва  |c Изд-во ИГиРГИ  |d 1982 
215 |a 123 с.  |c ил., 5 л. ил.  |d 20 см 
320 |a Библиография в конце статей 
606 1 |a Нефтяные ловушки  |2 stltpush  |3 (RuTPU)RU\TPU\subj\45948  |9 65137 
610 1 |a углеводороды 
610 1 |a нефть 
610 1 |a нефтяные залежи 
610 1 |a Волго-Уральский нефтегазоносный бассейн 
610 1 |a Татария 
610 1 |a поиск 
610 1 |a Башкирия 
610 1 |a девон 
610 1 |a терригенные толщи 
610 1 |a неантиклинальные залежи 
610 1 |a Нижнее Поволжье 
610 1 |a Саратовское Поволжье 
610 1 |a рифы 
610 1 |a Тимано-Печорский нефтегазоносный бассейн 
610 1 |a литологические залежи 
610 1 |a стратиграфические залежи 
675 |a 553.982.2  |z rus  |v 4 
712 0 2 |a Академия наук СССР (АН СССР)  |b Институт геологии и разработки горючих ископаемых (ИГиРГИ)  |c (Москва)  |c (1958-????)  |2 stltpush  |3 (RuTPU)RU\TPU\col\13483 
801 0 |a RU  |b RuMRKP  |c 19950704  |g psbo 
801 1 |a RU  |b 63413507  |c 20160416 
801 2 |a RU  |b 63413507  |c 20200717  |g RCR 
942 |c BK